000 00877nam a22002297a 4500
999 _c8455
_d8455
003 AR-CdUCM
008 190325b ||||| |||| 00| 0 spa d
040 _aMUNICIPALIDAD PROVINCIAL DEL CUSCO
_cBIBLIOTECA MUNICIPAL DEL CUSCO
041 _hger
082 _a193 /
_bN56
100 _aNietzsche, F.
_923721
245 _aEl ocaso de los ídolos :
_blo que los alemanes pueden perder /
260 _aValencia :
_bMinerva,
_c1916.
300 _a113 páginas ;
_c18 cm.
505 _aContenido: Nietzche y la Alemania contemporánea -- Lo que los alemanes pueden perder -- Divagaciones intelectuales -- Máximas y sentencias -- El problema de Sócrates -- La razón en la filosofía ...
650 _aFilosofía
_9395
650 _aSócrates
_99985
650 _aAlemana contemporánea
_923722
700 _aV. C. (traducción)
_923723
942 _2ddc
_cLIBROS
945 _aachl